Building type basics for performing arts facilities

This Building Type Basics book provides an accessible guide to the essentials of designing these specialized environments—including the underlying issues of financing, feasibility, and the diverse roles of the design and construction team, sponsor, banks, impresario, and manager. Complete with a wea...

詳細記述

保存先:
書誌詳細
第一著者: Hardy, Hugh
フォーマット: 図書
言語:Undetermined
出版事項: Hoboken, N.J. John Wiley & Sons, Inc. 2006
主題:
タグ: タグ追加
タグなし, このレコードへの初めてのタグを付けませんか!
Thư viện lưu trữ: Trung tâm Học liệu Trường Đại học Cần Thơ
LEADER 01188nam a2200217Ia 4500
001 CTU_124246
008 210402s9999 xx 000 0 und d
020 |c 1199000 
082 |a 725.83 
082 |b H269 
100 |a Hardy, Hugh 
245 0 |a Building type basics for performing arts facilities 
245 0 |c Hugh Hardy ; With chapters by Auerbach Pollock Friedlander ... [et al.] 
260 |a Hoboken, N.J. 
260 |b John Wiley & Sons, Inc. 
260 |c 2006 
520 |a This Building Type Basics book provides an accessible guide to the essentials of designing these specialized environments—including the underlying issues of financing, feasibility, and the diverse roles of the design and construction team, sponsor, banks, impresario, and manager. Complete with a wealth of descriptive floor plans, diagrams, photographs, and case studies, it features need-to-know information on design including such technical topics as lighting, acoustics, and materials. 
650 |a Theater architecture,Theaters,Centers for the performing arts 
650 |x Designs and plans,Designs and plans 
904 |i Minh 
980 |a Trung tâm Học liệu Trường Đại học Cần Thơ